000 01057nam a22002657a 4500
999 _c64776
_d64776
005 20240530110750.0
008 181211s2016 ua ahk f b 000 0 ara d
017 _a10074/3201
_bمصر. دار الكتب
020 _a9789770528464
040 _aEG-CaGPL
_cEG-CaGPL
082 0 4 _221
_a720.9 /
_bم ع
100 0 _aمحمد توفيق عبدالجواد
245 1 2 _aالعمارة من الوظيفة الى التفكيكية =
_bArchitecture from Functionalism to Deconstructivism /
_cمحمد توفيق عبدالجواد
246 1 1 _aArchitecture from Functionalism to Deconstructivism
250 _aط.1
260 _aالقاهرة :
_bمكتبة الانجلو المصرية ،
_c2016.
300 _a218 ص. :
_bايض ؛
_c24 سم.
504 _aيشتمل على ارجاعات ببليوجرافية
650 0 7 _2qrmak
_aالعمارة
650 0 7 _2qrmak
_aالعمارة
_xتصميمات
650 0 7 _2qrmak
_aالرسم المعمارى
651 _2qrmak
942 _2ddc
_cBK